Components of major types of weeds in lowland paddy field in preyveng,kompong chham, kompong thom and siem reap province,(សមាសភាពនៃរុក្ខជាតិចង្រៃសំខាន់ៗលើដំណាំស្រួវតំបន់់ វាលទំនាប ក្នុងខេត្តព្រៃវែង កំពង់ចាម កំពង់ធំ និងសៀមរាប). (Record no. 788)

000 -LEADER
fixed length control field 00778nam a22001577a 4500
003 - CONTROL NUMBER IDENTIFIER
control field OSt
005 - DATE AND TIME OF LATEST TRANSACTION
control field 20150918183348.0
008 - FIXED-LENGTH DATA ELEMENTS--GENERAL INFORMATION
fixed length control field 150918b xxu||||| |||| 00| 0 eng d
040 ## - CATALOGING SOURCE
Transcribing agency RUA
082 ## - DEWEY DECIMAL CLASSIFICATION NUMBER
Classification number AGR HOK 2006 BO33 Or.1
100 ## - MAIN ENTRY--PERSONAL NAME
9 (RLIN) 816
Personal name KOH, LYDA
245 ## - TITLE STATEMENT
Title Components of major types of weeds in lowland paddy field in preyveng,kompong chham, kompong thom and siem reap province,(សមាសភាពនៃរុក្ខជាតិចង្រៃសំខាន់ៗលើដំណាំស្រួវតំបន់់ វាលទំនាប ក្នុងខេត្តព្រៃវែង កំពង់ចាម កំពង់ធំ និងសៀមរាប).
260 ## - PUBLICATION, DISTRIBUTION, ETC. (IMPRINT)
Place of publication, distribution, etc. phnom phen
Name of publisher, distributor, etc. RUA
Date of publication, distribution, etc. 2006
300 ## - PHYSICAL DESCRIPTION
Extent XIV,42p.
Other physical details ill.
Dimensions 29cm.
942 ## - ADDED ENTRY ELEMENTS (KOHA)
Source of classification or shelving scheme
Koha item type AGR
Holdings
Price effective from Date last seen Permanent Location Not for loan Date acquired Source of classification or shelving scheme Koha item type Lost status Withdrawn status Date last checked out Total Checkouts Shelving location Damaged status Barcode Current Location Full call number
2015-09-182020-01-03Library Block B 2015-09-18 AGR  2019-11-294B033 RUA002379Library Block BAGR HOK 2006 BO33 Or.1
2015-09-182015-09-18Library Block B 2015-09-18 AGR    B033 RUA002208Library Block BAGR HOK 2006 BO33 Or.2
មជ្ឈមណ្ឌលឯការនៃសាកលវិទ្យាល័យភូមិន្ទកសិកម្មចំការដូង

Powered by Koha